Present scenario in journalism

Bibliographic Details
Main Author: Swami, S. K
Format: Book
Published: New Delhi : Cyber Tech Pub. , 2014
Subjects:

MARC

LEADER 00000cam a2200000 7i4500
001 0000043806
005 20141208.0
008 141208
020 |a 9350561815 
090 0 0 |a 070.4   |b SWA 
100 1 |a Swami, S. K 
245 1 0 |a Present scenario in journalism   |c S. K. Swami 
260 |a New Delhi :   |b Cyber Tech Pub. ,   |c 2014 
650 0 |a Journalism 
999 |a 0001324265   |b Book   |c REFERENCE   |e Perbadanan Perpustakaan Awam Johor